000 00491nam a22001817a 4500
005 20251108171108.0
008 250721s1981 xx 000 0 ara d
082 1 4 _a216.1/عبد
100 1 _aالنعيم، عبد العزيز العلي
245 1 0 _aأصول الأحكام الشرعية و مبادئ علم الأنظمة /
250 _aط2
264 _c1981.
300 _a253ص
650 1 7 _aالإسلام
650 1 7 _aالفقه
942 _2ddc
_cBK
999 _c56479
_d56479